00689nam a2200193 a 4500001000500000005001700005008004100022020001800063050001800081100001800099245010100117260003500218300002400253440004100277650002500318650002200343999001900365952011100384122520140414131902.0041111s19uu xx 00 eng d a0-590-84905-0 aFICbD12 1997 aDadey, Debbie aBigfoot doesn't square dance :bis this man for real? /cDebbie Dadey and Marcia Thornton Jones. aNew York :bScholastic,c1997. a68 p. : ill. ; cm. aAdventures of the Bailey School Kids aAdventuresxFiction. aChildren stories. c110711d110711 00104050aMUbMUcFICd2004-11-11eDonationl0oFIC D12 1997pM1186r2014-04-14 00:00:00w2014-04-14yBK